COMPARATIVE EVALUATION OF THE VERTICAL MARGINAL FIT WITH SHOULDER MARGIN IN PFM METAL COPINGS FABRICATED FROM DIRECT METAL LASER SINTERING VERSUS CONVENTIONAL LOST WAX TECHNIQUE USING TEREOMICROSCOPE (AN IN VITRO STUDY) (Record no. 17131)
[ view plain ]
| 000 -LEADER | |
|---|---|
| fixed length control field | 00504nam a22001337a 4500 |
| 003 - CONTROL NUMBER IDENTIFIER | |
| control field | SGT |
| 082 ## - DEWEY DECIMAL CLASSIFICATION NUMBER | |
| Classification number | 617.692 |
| Item number | C14G |
| 100 ## - MAIN ENTRY--PERSONAL NAME | |
| Personal name | TANNU, GOYAL |
| 245 ## - TITLE STATEMENT | |
| Title | COMPARATIVE EVALUATION OF THE VERTICAL MARGINAL FIT WITH SHOULDER MARGIN IN PFM METAL COPINGS FABRICATED FROM DIRECT METAL LASER SINTERING VERSUS CONVENTIONAL LOST WAX TECHNIQUE USING TEREOMICROSCOPE (AN IN VITRO STUDY) |
| 260 ## - PUBLICATION, DISTRIBUTION, ETC. (IMPRINT) | |
| Place of publication, distribution, etc | DELHI NCR |
| Name of publisher, distributor, etc | SGT UNIVERSITY GURUGRAM |
| Year of Publication | 2016 |
| 300 ## - PAGE DESCRIPTION | |
| No. of Pages | 1-64 |
| 650 ## - SUBJECT ADDED ENTRY--TOPICAL TERM | |
| Topical term or geographic name as entry element | PROSTHODONTICS |
| 942 ## - ADDED ENTRY ELEMENTS (KOHA) | |
| Source of classification or shelving scheme | Dewey Decimal Classification |
| Koha item type | Thesis/Dissertation |
| Withdrawn status | Lost status | Source of classification or shelving scheme | Damaged status | Not for loan | Home library | Current library | Shelving location | Date acquired | Vendor Name | SGTU | Total Checkouts | Full call number | Accession No. (Barcode) | Date last seen | Bill Date | Koha item type |
|---|---|---|---|---|---|---|---|---|---|---|---|---|---|---|---|---|
| Dewey Decimal Classification | SGT Dental Library | SGT Dental Library | Reference Book | 19/03/2019 | PERFECT BOOK BINDING HOUSE NEW DELHI | SGTU | 617.692 C14G | DT409 | 19/03/2019 | 19/03/2019 | Thesis/Dissertation |